000 00582nam a2200217Ia 4500
005 20250508152004.0
008 008 250505s9999 xx 000 0 eng d
037 _aTextual
040 _aFEDL
_beng
_cFEDL
041 _aeng
_2eng
084 _a510.7, STR
_qFEDL
100 _aStruik Dirk J
245 0 _aConcise history of mathematics
250 _a3 rev
260 _aNew York, USA
_bDover Publication
_c1967
300 _ax,195p
365 _aUSD
_b3
650 _aMathematics - Teaching
_9756825
942 _cTEXL
_h510.7, STR
999 _c1333417
_d1333417